Top 20 American Universities for Architecture - Statistics

General Stats
  • This quiz has been taken 60 times
  • The average score is 11 of 20
Answer Stats
Rank State/Territory Answer % Correct
7 CT Yale University
81%
2 TX Rice University
77%
13 MA Massachusetts Institute of Technology
73%
15 FL University of Florida
73%
16 IN University of Notre Dame
73%
8 CA University of Southern California
73%
12 VA University of Virginia
71%
3 MO Washington University in St. Louis
67%
18 GA Georgia Institute of Technology
65%
19 SC Clemson University
63%
6 CA University of California Berkeley
63%
1 NY Cornell University
56%
14 TX Texas A&M University
56%
4 MA Boston Architectural College
52%
9 VA Virginia Tech
50%
10 PA Carnegie Mellon University
35%
17 RI Rhode Island School of Design
31%
5 CA Southern California Institute of Architecture
13%
11 NY The Cooper Union
13%
20 CA Woodbury University
0%
No matching quizzes found
Score Distribution
Percent of People with Each Score
Percentile by Number Answered
Your Score History
You have not taken this quiz